zpět

Detail výsledku týmu

U Pošty - Vinohrady ÚT, Praha

Datum a čas kvízu

22 Celkem bodů Celkový počet nahraných bodů na tomto kvízu bez doplňovacích otázek.
9. Pořadí na kvízu Konečné umístění týmu na tomto kvízu.

Zaznamenané odpovědi

# Otázka Odpověď Body Výsledky
1. Česká vláda ve středu schválil... C) energetické nápoje 1
2. Charitativní obchůdek v anglic... erotické pomůcky 0
3. Minulý týden prozradili organi... Slipknot 1
4. Když prezident jednoho evropsk... na Slovensku 1
5. Který kanadský hokejista dosáh... Connor McDavid 0
6. Většina z nás se v dětství uči... chlorid amonný 0
7. Který z těchto smyslů je u člo... sluch (z ucha) 1
8. Kytovci a netopýři dokáží vysí... echolokace 1
9. Těsné propojení čichu a chuti... A 1
10. Buňky v sítnici lidského oka c... tyčinky 1